000 00316nam a22001457a 4500
020 _a978-81-264-1971-5
082 _a894.812.3
_bMAD/A
100 _aN.S.MADHAVAN
245 _aANTE PREEYAPETTA KATHAKAL
260 _aKOTTAYAM
_bDC BOOKS
_c10598
300 _a126
520 _aNOVEL
650 _aNOVEL
942 _cBK
999 _c4972
_d4972